000 00527nam a22001937a 4500
005 20260515114855.0
008 201203b ||||| |||| 00| 0 eng d
020 _a9788127246938
040 _aIN-DiNC
_cIN-DiNC
041 _deng
082 _a336
_bCHO
100 _aChoudhury, Rabindra Kr.
_eauthor
245 _aPublic finance and fiscal policy/
_cby Rabindra Kr. Choudhury
250 _aRev. & enl. ed.
260 _aLudhiana:
_bKalyani publishers,
_c2012
300 _a484p.
650 _aEconomics
942 _2ddc
_cBK
999 _c11089
_d11089